| 000 | 00828nam a2200253Ia 4500 | ||
|---|---|---|---|
| 005 | 20220317000055.0 | ||
| 008 | 141031s9999 xx 000 0 und d | ||
| 020 | _a9789587043600 | ||
| 100 | 1 | 0 |
_aReyes, Yolanda _d 1959- |
| 245 | 1 | 4 |
_aLos agujeros negros _c Yolanda Reyes ; ilustraciones de Daniel Rabanal |
| 250 | _a1a ed., 10a reimpr. | ||
| 300 |
_a62 páginas _bilustraciones _c19 cm. |
||
| 650 | 1 | 4 |
_a Autores colombianos _2LEMB |
| 650 | 1 | 4 |
_a Violencia en la literatura _2LEMB |
| 650 | 1 | 4 |
_aLiteratura infantil colombiana _2LEMB |
| 700 | 1 | 0 |
_aRabanal, Daniel _912494 |
| 942 |
_2loc _cBK |
||
| 264 |
_aBogotá _bAlfaguara _c2013 |
||
| 336 |
_atexto _btxt _2rdacontent |
||
| 337 |
_asin mediación _bn _2rdamedia |
||
| 338 |
_avolumen _bnc _2rdacarrier |
||
| 040 |
_aCO-BoRNBP _bspa _erda _cCO-BoRNBP |
||
| 084 | _aN REY3 | ||
| 999 |
_c3049 _d3049 |
||